[Event "BL 9192 Porz-Erfurt"]
[Site "?"]
[Date "1991.??.??"]
[Round "?.1"]
[White "Teske, H."]
[Black "Christiansen, L."]
[Result "1/2-1/2"]
[WhiteElo "2395"]
[BlackElo "2600"]
[PlyCount "65"]
[EventDate "1991.??.??"]

1. c4 e5 2. Nc3 Nf6 3. g3 Bb4 4. Bg2 O-O 5. d3 c6 6. Bd2 d5 7. Nf3 Qe7 8. a3
Bxc3 9. Bxc3 d4 10. Bd2 h6 11. O-O Bf5 12. b4 Nbd7 13. Qb3 Rfd8 14. Rad1 Nf8
15. e3 dxe3 16. Bxe3 Bg4 17. Qb2 N6d7 18. h3 Bxf3 19. Bxf3 Ne6 20. Rfe1 Qf6 21.
Bg2 Ndf8 22. b5 Nd4 23. bxc6 bxc6 24. Bxd4 Rxd4 25. Qb7 Rad8 26. Bxc6 Ne6 27.
Bg2 Nc5 28. Qxa7 Nxd3 29. Rf1 Rxc4 30. a4 e4 31. Bxe4 Rxe4 32. Rxd3 Rde8 33.
Qd7 1/2-1/2

[Event "BL 9192 Porz-Erfurt"]
[Site "?"]
[Date "1991.??.??"]
[Round "?.2"]
[White "Lutz, C."]
[Black "Casper, T."]
[Result "1-0"]
[WhiteElo "2545"]
[BlackElo "2430"]
[PlyCount "83"]
[EventDate "1991.??.??"]

1. d4 Nf6 2. c4 d6 3. Nc3 Nbd7 4. Nf3 e5 5. e4 g6 6. Be2 Bg7 7. O-O O-O 8. Be3
c6 9. d5 c5 10. Ne1 Ne8 11. g4 Kh8 12. Ng2 Nb6 13. a3 f5 14. f3 fxg4 15. fxg4
Rxf1+ 16. Qxf1 a5 17. b3 Bd7 18. Rb1 Nc8 19. g5 Nc7 20. Qd1 Qe8 21. b4 axb4 22.
axb4 b6 23. bxc5 bxc5 24. Bg4 Ra6 25. Bxd7 Qxd7 26. Qe2 Na8 27. Bd2 Nab6 28.
Rf1 Ra7 29. Ne3 Kg8 30. Kg2 Qd8 31. Ng4 Rf7 32. Rxf7 Kxf7 33. h4 Qd7 34. Kg3
Kg8 35. Nd1 Qa4 36. Nde3 Qa2 37. Kf3 Na4 38. h5 Ncb6 39. h6 Bf8 40. Nf6+ Kf7
41. Kg3 Be7 42. Qg4 1-0

[Event "BL 9192 Porz-Erfurt"]
[Site "?"]
[Date "1991.??.??"]
[Round "?.5"]
[White "Mueller, Mat"]
[Black "Hickl, J."]
[Result "0-1"]
[WhiteElo "2355"]
[BlackElo "2480"]
[PlyCount "50"]
[EventDate "1991.??.??"]

1. e4 d6 2. d4 g6 3. Nc3 c6 4. a4 Bg7 5. Nf3 Nf6 6. Be2 O-O 7. O-O Qc7 8. Bf4
Nbd7 9. e5 Nh5 10. Bg5 dxe5 11. Bxe7 Re8 12. d5 e4 13. Ng5 cxd5 14. Nxd5 Qe5
15. Bxh5 Nb6 16. Nxb6 axb6 17. Nxe4 gxh5 18. Bb4 Qxe4 19. Re1 Qc6 20. Rxe8+
Qxe8 21. Qxh5 Be6 22. Rd1 Qxa4 23. Qh4 Qd7 24. Re1 Qd4 25. Qe7 Qd8 0-1

[Event "BL 9192 Porz-Erfurt"]
[Site "?"]
[Date "1991.??.??"]
[Round "?.7"]
[White "Maiwald, J."]
[Black "Vogt, L."]
[Result "1/2-1/2"]
[WhiteElo "2295"]
[BlackElo "2510"]
[PlyCount "104"]
[EventDate "1991.??.??"]

1. d4 Nf6 2. c4 g6 3. Nf3 Bg7 4. g3 O-O 5. Bg2 d6 6. O-O Nc6 7. Nc3 Bf5 8. Ne1
Qc8 9. e4 Bh3 10. Nc2 Bxg2 11. Kxg2 e5 12. d5 Ne7 13. f3 Nd7 14. b4 a5 15. a3
axb4 16. axb4 Rxa1 17. Nxa1 f5 18. Nb3 b6 19. Bg5 Nf6 20. Qe2 Qb7 21. Ra1 Ra8
22. Rxa8+ Qxa8 23. Qa2 Qxa2+ 24. Nxa2 Nc8 25. Nc3 Na7 26. h3 Kf7 27. Be3 Bf8
28. Kf2 Nd7 29. Ke2 Nb8 30. Na1 h5 31. Nc2 Na6 32. exf5 gxf5 33. g4 hxg4 34.
hxg4 Kg6 35. b5 Nc5 36. Nb4 Be7 37. Bxc5 bxc5 38. Nc6 Nc8 39. Na4 Bf6 40. Nb8
Kg5 41. gxf5 Kxf5 42. Nd7 Be7 43. Nc3 Kg6 44. Ke3 Kf5 45. Ne4 Bg5+ 46. Ke2 Be7
47. Ng3+ Kg6 48. Kd3 Bh4 49. Nf1 Kf7 50. Ne3 Ke8 51. Nb8 Nb6 52. Nc6 Kd7
1/2-1/2

[Event "BL 9192 Porz-Erfurt"]
[Site "?"]
[Date "1991.??.??"]
[Round "?.8"]
[White "Uhlmann, W."]
[Black "Brueggemann, Joa"]
[Result "1-0"]
[WhiteElo "2500"]
[BlackElo "2305"]
[PlyCount "51"]
[EventDate "1991.??.??"]

1. c4 e6 2. Nc3 d5 3. d4 Nf6 4. cxd5 exd5 5. Bg5 Be7 6. e3 O-O 7. Bd3 b6 8.
Bxf6 Bxf6 9. Qh5 Re8 10. Nf3 c6 11. Qxh7+ Kf8 12. O-O Bg4 13. Ne5 Be6 14. f4
Ke7 15. Qh5 Rh8 16. Qf3 Qd6 17. Rad1 Nd7 18. e4 Bxe5 19. fxe5 Qb4 20. Bb1 dxe4
21. Bxe4 Rac8 22. Rf2 Rh4 23. Qe3 Kf8 24. Bf5 Bxf5 25. Rxf5 Re8 26. Qf2 1-0

[Event "BL 9192 Koblenz-Sindelfingen"]
[Site "?"]
[Date "1991.??.??"]
[Round "?.1"]
[White "Rajkovic, D."]
[Black "Rozentalis, E."]
[Result "1/2-1/2"]
[WhiteElo "2475"]
[BlackElo "2575"]
[PlyCount "106"]
[EventDate "1991.??.??"]

1. d4 e6 2. Nf3 Nf6 3. c4 b6 4. g3 Bb7 5. Bg2 Be7 6. Nc3 Ne4 7. Bd2 f5 8. d5
Bf6 9. Rc1 O-O 10. O-O Na6 11. Be1 Nac5 12. Nd4 Qe7 13. b4 Nxc3 14. Rxc3 Ne4
15. Rd3 a5 16. a3 Rfd8 17. Qb3 axb4 18. axb4 c5 19. Nb5 exd5 20. cxd5 d6 21.
Na3 b5 22. Rd1 c4 23. Qe3 Nc3 24. Bxc3 Qxe3 25. fxe3 Rxa3 26. Bxf6 gxf6 27.
Rxf5 Kg7 28. Rdf1 Rf8 29. e4 Rb3 30. g4 h6 31. h4 Rg3 32. Kh2 Re3 33. g5 hxg5
34. hxg5 c3 35. Rxf6 Rxf6 36. gxf6+ Kf7 37. Bf3 Kxf6 38. Rc1 Ke5 39. Kg3 Bc8
40. Kf2 Kd4 41. Rc2 Bd7 42. Ra2 Be8 43. Ra8 c2 44. Rc8 Bg6 45. Rxc2 Bxe4 46.
Rc8 Bf5 47. Rd8 Rb3 48. Rxd6 Rxb4 49. e3+ Ke5 50. Rd8 Be4 51. d6 Rb2+ 52. Kg3
Bxf3 53. Kxf3 b4 1/2-1/2

[Event "BL 9192 Koblenz-Sindelfingen"]
[Site "?"]
[Date "1991.??.??"]
[Round "?.2"]
[White "Dizdar, G."]
[Black "Luther, T."]
[Result "1/2-1/2"]
[WhiteElo "2530"]
[BlackElo "2495"]
[PlyCount "46"]
[EventDate "1991.??.??"]

1. Nf3 Nf6 2. g3 d5 3. Bg2 c6 4. O-O Bg4 5. c4 Nbd7 6. cxd5 cxd5 7. Nc3 e6 8.
Qb3 b6 9. d4 Be7 10. Ne5 Nxe5 11. dxe5 Nd7 12. Qa4 Bh5 13. g4 Bg6 14. Rd1 a6
15. Nxd5 exd5 16. Bxd5 Ra7 17. Bc6 Bc5 18. b4 Bxf2+ 19. Kxf2 Qh4+ 20. Kf1 Qh3+
21. Ke1 Qh4+ 22. Kf1 Qh3+ 23. Ke1 Qh4+ 1/2-1/2

[Event "BL 9192 Koblenz-Sindelfingen"]
[Site "?"]
[Date "1991.??.??"]
[Round "?.3"]
[White "Fahnenschmidt, G."]
[Black "Seul, G."]
[Result "1/2-1/2"]
[WhiteElo "2385"]
[BlackElo "2390"]
[PlyCount "69"]
[EventDate "1991.??.??"]

1. d4 Nf6 2. c4 e6 3. Nc3 Bb4 4. e3 b6 5. Bd3 Bb7 6. Nf3 O-O 7. O-O c5 8. Bd2
cxd4 9. exd4 Be7 10. Rc1 d6 11. Re1 Nbd7 12. Ng5 Re8 13. f4 g6 14. Qe2 Bf8 15.
Qf2 Bg7 16. h3 a6 17. Be3 Rc8 18. b4 d5 19. cxd5 exd5 20. f5 h6 21. Nxf7 Kxf7
22. fxg6+ Kg8 23. Qd2 Qe7 24. a3 b5 25. Bf5 Ne4 26. Nxe4 dxe4 27. d5 Rxc1 28.
Rxc1 Ne5 29. Be6+ Kh8 30. Bxh6 Nc4 31. Bxg7+ Kxg7 32. Qd4+ Qf6 33. Qxe4 Qxg6
34. Qd4+ Qf6 35. Qg4+ 1/2-1/2

[Event "BL 9192 Koblenz-Sindelfingen"]
[Site "?"]
[Date "1991.??.??"]
[Round "?.4"]
[White "Doncevic, D."]
[Black "Marinkovic, I."]
[Result "1/2-1/2"]
[WhiteElo "2350"]
[BlackElo "2485"]
[PlyCount "86"]
[EventDate "1991.??.??"]

1. e4 Nf6 2. e5 Nd5 3. d4 d6 4. Nf3 g6 5. Bc4 Nb6 6. Bb3 Bg7 7. a4 d5 8. a5 Nc4
9. Nbd2 Nxd2 10. Bxd2 O-O 11. O-O Na6 12. Be3 Bg4 13. h3 Bxf3 14. Qxf3 e6 15.
Qe2 Qe7 16. c3 c5 17. f4 cxd4 18. Bxd4 Rfc8 19. g4 Bf8 20. f5 Qh4 21. fxe6 fxe6
22. Kg2 Qe7 23. Rf3 Bg7 24. Raf1 Rf8 25. Qe3 Rxf3 26. Rxf3 Nb8 27. c4 dxc4 28.
Bxc4 Nc6 29. Bc5 Qe8 30. Bd6 Nxa5 31. Ba2 Nc6 32. Qe4 a5 33. h4 a4 34. h5 Ra5
35. hxg6 hxg6 36. Qc4 Rd5 37. Qxa4 Rd2+ 38. Kg1 Rd4 39. Bxe6+ Qxe6 40. Qa8+ Kh7
41. Rh3+ Bh6 42. Qxb7+ Kg8 43. Qa8+ Kh7 1/2-1/2

[Event "BL 9192 Koblenz-Sindelfingen"]
[Site "?"]
[Date "1991.??.??"]
[Round "?.5"]
[White "Kraut, R."]
[Black "Fritsche, L."]
[Result "1-0"]
[WhiteElo "2390"]
[BlackElo "2395"]
[PlyCount "79"]
[EventDate "1991.??.??"]

1. e4 g6 2. d4 Bg7 3. Nc3 d6 4. f4 c6 5. Nf3 Bg4 6. Be3 Nf6 7. h3 Bd7 8. Bd3
Na6 9. e5 Nd5 10. Nxd5 cxd5 11. c3 Qb6 12. Qe2 Nc7 13. O-O e6 14. a4 a5 15.
Rfb1 O-O 16. b4 Rfb8 17. b5 Rf8 18. c4 Ne8 19. c5 dxc5 20. dxc5 Qd8 21. Rc1 Nc7
22. Rab1 d4 23. Bxd4 Nd5 24. g3 Rc8 25. Be4 Re8 26. Kh2 Bf8 27. Qf2 Qe7 28. Nd2
Red8 29. Bg2 Be8 30. Ne4 Bg7 31. Rd1 h6 32. Rbc1 Rc7 33. Qb2 Nb4 34. Nf6+ Kh8
35. c6 bxc6 36. Bc5 Rxd1 37. Bxe7 Rxc1 38. Qxc1 Rxe7 39. Qc5 Bf8 40. bxc6 1-0

[Event "BL 9192 Koblenz-Sindelfingen"]
[Site "?"]
[Date "1991.??.??"]
[Round "?.6"]
[White "Weidemann, J."]
[Black "Gerstner, W."]
[Result "0-1"]
[WhiteElo "2315"]
[BlackElo "2385"]
[PlyCount "68"]
[EventDate "1991.??.??"]

1. e4 c5 2. c3 e6 3. d4 d5 4. e5 Qb6 5. Nf3 Bd7 6. a3 Bb5 7. c4 dxc4 8. Nc3 Nc6
9. d5 O-O-O 10. Qc2 exd5 11. Qf5+ Kb8 12. Bg5 Nge7 13. Qxf7 Nd4 14. Rc1 Be8 15.
Qf4 h6 16. Bxe7 Bxe7 17. Nd1 Rf8 18. Qg3 Qa5+ 19. Nd2 Nb3 20. Qc3 Qxc3 21. Rxc3
Nxd2 22. Kxd2 Bg5+ 23. Ke1 Rf5 24. f3 Rxe5+ 25. Kf2 Ba4 26. f4 Bxf4 27. Rf3 g5
28. Nc3 Bc6 29. g3 Bc1 30. Bg2 Bxb2 31. Rb1 Bxc3 32. Rxc3 Rf8+ 33. Kg1 Kc7 34.
h4 b5 0-1

[Event "BL 9192 Koblenz-Sindelfingen"]
[Site "?"]
[Date "1991.??.??"]
[Round "?.8"]
[White "Bayer, E."]
[Black "Werner, Marc"]
[Result "1/2-1/2"]
[WhiteElo "2300"]
[BlackElo "2335"]
[PlyCount "52"]
[EventDate "1991.??.??"]

1. d4 Nf6 2. c4 g6 3. g3 Bg7 4. Bg2 O-O 5. Nf3 d6 6. O-O Nbd7 7. Nc3 e5 8. h3
c6 9. e4 Qb6 10. b3 exd4 11. Na4 Qc7 12. Nxd4 Re8 13. Re1 a6 14. Nc3 Rb8 15.
Be3 Nc5 16. Qc2 Bd7 17. Rad1 Rbd8 18. b4 Ne6 19. Nde2 Bc8 20. Rd2 h5 21. Red1
h4 22. g4 g5 23. Nd4 Nxd4 24. Bxd4 Nh7 25. Bxg7 Kxg7 26. Ne2 Nf8 1/2-1/2

[Event "BL 9192 Porz-FTG Frankfurt"]
[Site "?"]
[Date "1991.??.??"]
[Round "?.1"]
[White "Khalifman, A."]
[Black "Christiansen, L."]
[Result "1/2-1/2"]
[WhiteElo "2630"]
[BlackElo "2600"]
[PlyCount "35"]
[EventDate "1991.??.??"]

1. e4 e5 2. Nf3 Nf6 3. Nxe5 d6 4. Nf3 Nxe4 5. d4 d5 6. Bd3 Nc6 7. O-O Be7 8. c4
Nb4 9. Be2 O-O 10. Nc3 Be6 11. Be3 Bf5 12. Rc1 dxc4 13. Bxc4 c6 14. Ne5 Nxc3
15. bxc3 Nd5 16. Qf3 Be6 17. Bd2 Bg5 18. Bxg5 1/2-1/2

[Event "BL 9192 Porz-FTG Frankfurt"]
[Site "?"]
[Date "1991.??.??"]
[Round "?.2"]
[White "Lutz, C."]
[Black "Lobron, E."]
[Result "1-0"]
[WhiteElo "2545"]
[BlackElo "2540"]
[PlyCount "65"]
[EventDate "1991.??.??"]

1. d4 Nf6 2. c4 e6 3. Nf3 b6 4. g3 Ba6 5. b3 Bb7 6. Bg2 Bb4+ 7. Bd2 a5 8. O-O
O-O 9. Nc3 Ne4 10. Nxe4 Bxe4 11. Bf4 c6 12. Qc1 Be7 13. Rd1 a4 14. Ne5 Bxg2 15.
Kxg2 d6 16. Nf3 Nd7 17. b4 d5 18. cxd5 cxd5 19. b5 Rc8 20. Qb2 Rc4 21. Rac1 Rb4
22. Qc2 Rxb5 23. Qxa4 Ra5 24. Qb3 Qa8 25. Rc7 Rd8 26. Ne5 Nxe5 27. Bxe5 Re8 28.
Rdc1 f6 29. Bf4 Rxa2 30. Qf3 Ra7 31. Qg4 Bf8 32. Rc8 Rxc8 33. Qxe6+ 1-0

[Event "BL 9192 Porz-FTG Frankfurt"]
[Site "?"]
[Date "1991.??.??"]
[Round "?.3"]
[White "Tischbierek, R."]
[Black "Hort, V."]
[Result "1/2-1/2"]
[WhiteElo "2480"]
[BlackElo "2545"]
[PlyCount "70"]
[EventDate "1991.??.??"]

1. e4 c6 2. d4 d5 3. Nd2 dxe4 4. Nxe4 Bf5 5. Ng3 Bg6 6. h4 h6 7. Nf3 Nd7 8. h5
Bh7 9. Bd3 Bxd3 10. Qxd3 Ngf6 11. Bf4 Qa5+ 12. Bd2 Qc7 13. O-O-O e6 14. Ne4
O-O-O 15. g3 Nc5 16. Nxc5 Bxc5 17. Qe2 Bd6 18. Kb1 Rhe8 19. c4 c5 20. Be3 a6
21. dxc5 Bxc5 22. Bxc5 Qxc5 23. Ne5 Qc7 24. f4 Rxd1+ 25. Rxd1 Rd8 26. Rc1 Kb8
27. c5 Rc8 28. a3 Nd5 29. c6 Ka7 30. Qg4 f6 31. Qxe6 Ne7 32. Nd3 Nxc6 33. Nb4
Qd8 34. Nxc6+ Rxc6 35. Rxc6 bxc6 1/2-1/2

[Event "BL 9192 Porz-FTG Frankfurt"]
[Site "?"]
[Date "1991.??.??"]
[Round "?.5"]
[White "Heyken, E."]
[Black "Hickl, J."]
[Result "0-1"]
[WhiteElo "2440"]
[BlackElo "2480"]
[PlyCount "178"]
[EventDate "1991.??.??"]

1. c4 e5 2. Nc3 c6 3. d4 d6 4. g3 Nf6 5. Bg2 Be7 6. e3 O-O 7. Nge2 Nbd7 8. O-O
Rb8 9. b3 a6 10. Bd2 Re8 11. a4 a5 12. h3 Nf8 13. d5 Bd7 14. Kh2 Ng6 15. e4 Qc8
16. Be3 h5 17. f4 exf4 18. Nxf4 h4 19. Bf2 cxd5 20. Ncxd5 Nxd5 21. Nxg6 fxg6
22. Qxd5+ Be6 23. Qxa5 Bf6 24. gxh4 Bxa1 25. Rxa1 Ra8 26. Qg5 Bf7 27. Bd4 Qc7
28. Qg3 Ra5 29. Rf1 Re7 30. Rf5 Rxf5 31. exf5 Re2 32. fxg6 Be8 33. Qf3 Qe7 34.
Qd5+ Kf8 35. Qf5+ Kg8 36. Qd5+ Kf8 37. Qf5+ Kg8 38. Kh1 Bc6 39. Qc8+ Qf8 40.
Qxf8+ Kxf8 41. Bxc6 bxc6 42. a5 c5 43. Bg1 Ra2 44. Bh2 Ke7 45. h5 Rxa5 46. h4
Ra3 47. h6 gxh6 48. h5 Rxb3 49. Kg2 Rb4 50. Kf3 Ke6 51. Bf4 Rxc4 52. Bxd6 Rh4
53. Bxc5 Rxh5 54. g7 Kf7 55. Bf8 Kg8 56. Kg3 Ra5 57. Kg4 h5+ 58. Kh4 Kf7 59.
Kg3 Ra4 60. Kh3 Rg4 61. Kh2 Kf6 62. Kh3 Kf5 63. Kh2 Ke4 64. Kh3 Kf3 65. Bd6
Rxg7 66. Kh4 Rh7 67. Bc5 Kf4 68. Bd6+ Kf5 69. Bc5 Rc7 70. Bb6 Rc6 71. Bd8 Rc4+
72. Kg3 Rg4+ 73. Kh3 Kf4 74. Bc7+ Kf3 75. Kh2 Rc4 76. Bd6 Kg4 77. Kg2 Rc2+ 78.
Kg1 Kh3 79. Be5 Rg2+ 80. Kf1 Rg4 81. Kf2 Rg6 82. Bc7 Kh4 83. Bd8+ Kg4 84. Kg2
Rc6 85. Be7 h4 86. Bb4 h3+ 87. Kg1 Rc1+ 88. Kh2 Rc2+ 89. Kh1 h2 0-1

[Event "BL 9192 Porz-FTG Frankfurt"]
[Site "?"]
[Date "1991.??.??"]
[Round "?.6"]
[White "Knaak, R."]
[Black "Kohlweyer, B."]
[Result "0-1"]
[WhiteElo "2535"]
[BlackElo "2405"]
[PlyCount "82"]
[EventDate "1991.??.??"]

1. d4 Nf6 2. c4 e6 3. Nc3 Bb4 4. e3 O-O 5. Bd3 d5 6. Nf3 b6 7. a3 Bxc3+ 8. bxc3
Ba6 9. Ne5 dxc4 10. Qf3 Nbd7 11. Nc6 Qe8 12. Be2 e5 13. Nb4 Qc8 14. Nxa6 e4 15.
Qf4 Qxa6 16. Bd2 c5 17. g4 cxd4 18. cxd4 b5 19. g5 Nd5 20. Qxe4 Qd6 21. Ba5 f5
22. Qg2 N7b6 23. Bf3 Rad8 24. Bxd5+ Qxd5 25. Qxd5+ Rxd5 26. Bxb6 axb6 27. O-O-O
Ra8 28. Kb2 Kf7 29. h4 Rd7 30. Ra1 Rda7 31. f3 b4 32. Rhc1 b5 33. e4 Rxa3 34.
Rxa3 Rxa3 35. Rf1 Re3 36. Kc2 b3+ 37. Kb2 b4 38. exf5 Re2+ 39. Kb1 c3 40. d5
Rb2+ 41. Kc1 Ra2 0-1

[Event "BL 9192 Porz-FTG Frankfurt"]
[Site "?"]
[Date "1991.??.??"]
[Round "?.7"]
[White "Werner, D."]
[Black "Vogt, L."]
[Result "0-1"]
[WhiteElo "2395"]
[BlackElo "2510"]
[PlyCount "66"]
[EventDate "1991.??.??"]

1. d4 Nf6 2. c4 g6 3. Nc3 Bg7 4. e4 d6 5. Be2 O-O 6. Be3 c5 7. d5 b5 8. cxb5 a6
9. a4 Qa5 10. Qd2 axb5 11. Bxb5 Ba6 12. Rb1 Bxb5 13. axb5 Qb4 14. f3 Nbd7 15.
Nge2 Ne8 16. Bh6 Nc7 17. h4 Bxh6 18. Qxh6 Nxb5 19. h5 Nxc3 20. Nxc3 Nf6 21.
hxg6 fxg6 22. O-O Qd4+ 23. Kh2 Qe5+ 24. g3 Nh5 25. Ne2 Rab8 26. b3 Rb4 27. Qe3
Ra8 28. Rg1 Nf6 29. Nf4 Rxe4 30. Qc1 Re3 31. Re1 Ra2+ 32. Kg1 Nxd5 33. Rxe3
Nxe3 0-1

[Event "BL 9192 Porz-FTG Frankfurt"]
[Site "?"]
[Date "1991.??.??"]
[Round "?.8"]
[White "Uhlmann, W."]
[Black "Degenhardt, H."]
[Result "0-1"]
[WhiteElo "2500"]
[BlackElo "2295"]
[PlyCount "92"]
[EventDate "1991.??.??"]

1. c4 e5 2. Nc3 Nc6 3. Nf3 Nf6 4. g3 d5 5. cxd5 Nxd5 6. Bg2 Nb6 7. d3 Be7 8.
O-O O-O 9. Be3 Re8 10. Na4 Bf8 11. Rc1 Nd4 12. Nc5 Nxf3+ 13. Bxf3 Nd5 14. Bd2
c6 15. Qb3 Qb6 16. Qa3 a5 17. Rc4 Qa7 18. b4 axb4 19. Qxa7 Rxa7 20. Ra1 Nb6 21.
Rc2 Bxc5 22. Rxc5 b3 23. a3 Na4 24. Rc4 Be6 25. Rb4 b2 26. Rb1 Ba2 27. Rxa4
Rxa4 28. Rxb2 Rxa3 29. Rxb7 Bd5 30. Bxd5 cxd5 31. Rd7 d4 32. Bb4 Ra2 33. Kf1 f6
34. Bd6 Rc8 35. Rc7 Rd8 36. Rc6 Kf7 37. g4 Rd7 38. Rb6 Rc2 39. h4 Ra7 40. Bb4
Ra1+ 41. Kg2 Rxe2 42. Rb7+ Ke6 43. Rb6+ Kd7 44. Kf3 Raa2 45. Bf8 Rxf2+ 46. Ke4
Ra5 0-1

[Event "BL 9192 Sindelfingen-Porz"]
[Site "?"]
[Date "1991.??.??"]
[Round "?.2"]
[White "Luther, T."]
[Black "Lutz, C."]
[Result "1/2-1/2"]
[WhiteElo "2495"]
[BlackElo "2545"]
[PlyCount "41"]
[EventDate "1991.??.??"]

1. e4 e5 2. Nf3 d6 3. d4 Nf6 4. Nc3 Nbd7 5. Bc4 Be7 6. O-O O-O 7. Re1 c6 8. a4
a5 9. Ba2 Qc7 10. h3 exd4 11. Nxd4 Re8 12. Nf5 Bf8 13. Bg5 h6 14. Bf4 Ne5 15.
Qd4 Bxf5 16. exf5 Qd7 17. Bxe5 dxe5 18. Qxd7 Nxd7 19. Ne4 Nc5 20. Nxc5 Bxc5 21.
Rad1 1/2-1/2

[Event "BL 9192 Sindelfingen-Porz"]
[Site "?"]
[Date "1991.??.??"]
[Round "?.3"]
[White "Hort, V."]
[Black "Fahnenschmidt, G."]
[Result "1/2-1/2"]
[WhiteElo "2545"]
[BlackElo "2385"]
[PlyCount "63"]
[EventDate "1991.??.??"]

1. e4 c5 2. Nf3 d6 3. d4 cxd4 4. Nxd4 Nf6 5. Nc3 Nc6 6. Bg5 e6 7. Qd2 a6 8.
O-O-O h6 9. Bf4 Bd7 10. Nxc6 Bxc6 11. Qe1 Qc7 12. f3 Be7 13. h4 O-O-O 14. Kb1
Rhe8 15. g4 Nd7 16. g5 h5 17. Rh2 Ne5 18. Qe3 Bf8 19. Rhd2 Rd7 20. Be2 g6 21.
Qa7 Red8 22. Be3 Qb8 23. Qb6 Qc7 24. a4 d5 25. exd5 exd5 26. Qxc7+ Kxc7 27. a5
Kc8 28. Bb6 Re8 29. Nxd5 Bxd5 30. Rxd5 Rxd5 31. Rxd5 Nc6 32. Rd2 1/2-1/2

[Event "BL 9192 Sindelfingen-Porz"]
[Site "?"]
[Date "1991.??.??"]
[Round "?.5"]
[White "Hickl, J."]
[Black "Kraut, R."]
[Result "1-0"]
[WhiteElo "2480"]
[BlackElo "2390"]
[PlyCount "93"]
[EventDate "1991.??.??"]

1. g3 d5 2. Bg2 c6 3. d3 Nf6 4. Nf3 Bg4 5. b3 e6 6. Bb2 Nbd7 7. O-O Be7 8. c4
O-O 9. Qc2 a5 10. a3 Bd6 11. Nbd2 Qe7 12. h3 Bxf3 13. exf3 b5 14. f4 bxc4 15.
bxc4 Rab8 16. Nf3 Nc5 17. Rab1 a4 18. Nd4 Rfc8 19. Bc3 Nb3 20. Nxb3 axb3 21.
Rxb3 Rxb3 22. Qxb3 Bxa3 23. f5 e5 24. Bxe5 Qxe5 25. Qxa3 Qxf5 26. Qa6 h6 27.
Re1 Rd8 28. Qxc6 Qxd3 29. cxd5 Qd2 30. Qc1 Qxc1 31. Rxc1 Kf8 32. Rc5 Ke7 33.
Rb5 Kd6 34. f4 Rc8 35. Rb6+ Kd7 36. Bf3 Rc3 37. Kf2 Rc2+ 38. Ke3 Rc3+ 39. Ke2
Rc5 40. Rb7+ Ke8 41. d6 Rc8 42. Bd5 Rd8 43. Re7+ Kf8 44. Rxf7+ Ke8 45. Bc4 Rxd6
46. Rxg7 Rd4 47. Rc7 1-0

[Event "BL 9192 Sindelfingen-Porz"]
[Site "?"]
[Date "1991.??.??"]
[Round "?.6"]
[White "Gerstner, W."]
[Black "Knaak, R."]
[Result "0-1"]
[WhiteElo "2385"]
[BlackElo "2535"]
[PlyCount "64"]
[EventDate "1991.??.??"]

1. g3 e5 2. c4 d6 3. Nc3 g6 4. Bg2 Bg7 5. e3 Nf6 6. Nge2 c6 7. d4 O-O 8. O-O
Re8 9. b4 e4 10. b5 Nbd7 11. a4 Nb6 12. Qc2 d5 13. c5 Nc4 14. Nb1 Qd7 15. Nd2
Nxd2 16. Bxd2 cxb5 17. Rfb1 bxa4 18. Rxa4 Qf5 19. Nc3 Bd7 20. Rab4 b6 21. cxb6
axb6 22. Rxb6 h5 23. Nb5 Bxb5 24. R6xb5 h4 25. Bb4 hxg3 26. hxg3 Qh5 27. Bd6
Ng4 28. Rb8 Kh7 29. Rxa8 Rxa8 30. Qe2 Bf6 31. f3 Qh2+ 32. Kf1 Ra2 0-1

[Event "BL 9192 Sindelfingen-Porz"]
[Site "?"]
[Date "1991.??.??"]
[Round "?.7"]
[White "Vogt, L."]
[Black "Bialas, W."]
[Result "1-0"]
[WhiteElo "2510"]
[BlackElo "2340"]
[PlyCount "85"]
[EventDate "1991.??.??"]

1. e4 g6 2. d4 Bg7 3. Nc3 d6 4. g3 Nf6 5. Bg2 O-O 6. Nge2 c6 7. O-O Nbd7 8. a4
e5 9. Re1 a5 10. h3 Re8 11. Be3 Qc7 12. Qd2 exd4 13. Nxd4 Nc5 14. Bf4 Bd7 15.
Rad1 Rad8 16. Bg5 Bc8 17. Qf4 Qe7 18. Qh4 Ne6 19. Nxe6 fxe6 20. e5 dxe5 21. Ne4
Rf8 22. Rxd8 Qxd8 23. Kh2 Rf7 24. Be3 Qc7 25. c4 Nxe4 26. Qxe4 c5 27. h4 b6 28.
Qg4 Qd7 29. Rd1 Qe8 30. Rd6 Bf8 31. Rxb6 Qd8 32. Rb8 Qc7 33. Ra8 Bb7 34. Ra7
Bf3 35. Rxc7 Bxg4 36. Rxf7 Kxf7 37. Bd2 Be2 38. b3 Bd1 39. Bc6 Bxb3 40. Bb5 Bd1
41. Bxa5 Bf3 42. Bc7 Ke7 43. Bxe5 1-0

[Event "BL 9192 Sindelfingen-Porz"]
[Site "?"]
[Date "1991.??.??"]
[Round "?.8"]
[White "Werner, Marc"]
[Black "Uhlmann, W."]
[Result "1-0"]
[WhiteElo "2335"]
[BlackElo "2500"]
[PlyCount "126"]
[EventDate "1991.??.??"]

1. e4 e6 2. d4 d5 3. exd5 exd5 4. Nf3 c6 5. Bf4 Bd6 6. Bxd6 Qxd6 7. c3 Bg4 8.
Nbd2 Nd7 9. Bd3 Qe7+ 10. Qe2 Qxe2+ 11. Bxe2 Ne7 12. O-O-O O-O 13. h3 Bxf3 14.
Bxf3 Rae8 15. Rde1 Nc8 16. Kd1 Nd6 17. g3 f5 18. Rxe8 Rxe8 19. Re1 Rd8 20. Bg2
Nf6 21. Nf3 Nfe4 22. Re2 Kf7 23. Ne5+ Kf6 24. Ke1 a5 25. Rc2 a4 26. a3 c5 27.
Bf1 b5 28. dxc5 Nxc5 29. Nc6 Re8+ 30. Kd1 Nc4 31. Nd4 Rb8 32. Re2 Ne4 33. Kc2
h5 34. Bg2 Ncd6 35. f3 Nc5 36. Nc6 Rb7 37. Nb4 d4 38. cxd4 Nb3 39. Kd1 f4 40.
Nd5+ Kf7 41. Nxf4 Nf5 42. Re5 Nfxd4 43. Nd5 h4 44. gxh4 Nc6 45. Rg5 Nca5 46.
Kc2 Rb8 47. f4 Nc4 48. Be4 Nd6 49. Bg6+ Kg8 50. Rh5 Rc8+ 51. Kd3 Rc1 52. Nc3
Rg1 53. Rg5 Rf1 54. Rd5 Nb7 55. Rxb5 Rf3+ 56. Ke4 Rg3 57. Bf7+ Kxf7 58. Rxb7+
Ke6 59. Rb6+ Kd7 60. Nxa4 Nd2+ 61. Kf5 Nc4 62. Nc5+ Kc7 63. Rb4 Nd6+ 1-0

[Event "BL 9192 FTG Frankfurt-Koblenz"]
[Site "?"]
[Date "1991.??.??"]
[Round "?.1"]
[White "Rozentalis, E."]
[Black "Khalifman, A."]
[Result "1/2-1/2"]
[WhiteElo "2575"]
[BlackElo "2630"]
[PlyCount "44"]
[EventDate "1991.??.??"]

1. e4 c5 2. c3 Nf6 3. e5 Nd5 4. g3 d6 5. exd6 e6 6. Bg2 Bxd6 7. Nf3 O-O 8. O-O
Nc6 9. Na3 Ne5 10. Nxe5 Bxe5 11. Nc4 Bf6 12. Qb3 b6 13. a4 Bd7 14. d3 Bc6 15.
Rd1 Qd7 16. Nd2 Rfd8 17. Ne4 Be7 18. Bg5 Bxg5 19. Nxg5 Nf6 20. Ne4 Nxe4 21.
dxe4 Qc7 22. f3 Rxd1+ 1/2-1/2

[Event "BL 9192 FTG Frankfurt-Koblenz"]
[Site "?"]
[Date "1991.??.??"]
[Round "?.2"]
[White "Lobron, E."]
[Black "Dizdar, G."]
[Result "1/2-1/2"]
[WhiteElo "2540"]
[BlackElo "2530"]
[PlyCount "133"]
[EventDate "1991.??.??"]

1. d4 Nf6 2. c4 e6 3. Nf3 d5 4. Nc3 Bb4 5. Bg5 Nbd7 6. cxd5 exd5 7. Rc1 c6 8.
a3 Bd6 9. e3 O-O 10. Bd3 Re8 11. O-O Nf8 12. h3 h6 13. Bxf6 Qxf6 14. e4 dxe4
15. Nxe4 Qd8 16. Re1 Be6 17. Qc2 Bd5 18. Bc4 Bxc4 19. Qxc4 Ng6 20. Qb3 Re7 21.
g3 Qd7 22. d5 Rae8 23. dxc6 bxc6 24. Nxd6 Rxe1+ 25. Nxe1 Qxd6 26. Rd1 Qf6 27.
Nf3 Re2 28. Rd2 Rxd2 29. Nxd2 Qd4 30. Nf3 Qc5 31. h4 Qf5 32. Qc3 c5 33. Kg2 Qd5
34. Qd2 Qe4 35. Qd6 Kh7 36. h5 Ne7 37. Qxc5 Nf5 38. Qe5 Qg4 39. b4 Qxh5 40. b5
Qg4 41. a4 f6 42. Qf4 Qxf4 43. gxf4 Kg8 44. a5 Nd6 45. Nd4 Kf7 46. a6 Nc4 47.
Nc6 Ke6 48. Nxa7 Kd7 49. f5 Kc7 50. Nc6 Kb6 51. Nd4 Kc5 52. a7 Nb6 53. Ne6+
Kxb5 54. Nxg7 Ka6 55. Nh5 Kxa7 56. Nxf6 Kb7 57. Kg3 Kc6 58. Kh4 Kd6 59. Kh5 Ke5
60. Kg6 Kf4 61. Nh5+ Kf3 62. Kf6 Kg4 63. Ng3 Nd5+ 64. Ke5 Ne7 65. f6 Ng6+ 66.
Ke6 h5 67. Nxh5 1/2-1/2

[Event "BL 9192 FTG Frankfurt-Koblenz"]
[Site "?"]
[Date "1991.??.??"]
[Round "?.3"]
[White "Seul, G."]
[Black "Tischbierek, R."]
[Result "1-0"]
[WhiteElo "2390"]
[BlackElo "2480"]
[PlyCount "81"]
[EventDate "1991.??.??"]

1. g3 d5 2. Bg2 Nf6 3. b3 g6 4. Bb2 Bg7 5. Nf3 O-O 6. O-O c5 7. c4 d4 8. b4
Nfd7 9. d3 e5 10. Nbd2 a5 11. bxc5 Nxc5 12. Ba3 Nba6 13. Nb3 Qc7 14. Nxc5 Nxc5
15. Nd2 Re8 16. Rb1 Bf8 17. Qc1 Rb8 18. Ne4 Nxe4 19. Bxe4 Bg4 20. Re1 b6 21.
Bxf8 Rxf8 22. Qg5 Bd7 23. Qf6 Rfe8 24. Bd5 Be6 25. Rec1 Rbd8 26. h4 h5 27. Be4
Rb8 28. Rf1 Bh3 29. Bd5 Be6 30. Be4 Bh3 31. Rfe1 Re6 32. Qg5 Re7 33. Rb2 Kg7
34. Reb1 Ree8 35. e3 Red8 36. exd4 Rxd4 37. Rb5 f5 38. Bd5 Rxd3 39. Rxb6 Rd1+
40. Kh2 Rxb6 41. Rxb6 1-0